Effects of environmental transition on the diversity of arctic soil bacteria /
Saved in:
| Main Author: | |
|---|---|
| Format: | Thesis Book |
| Language: | English |
| Published: |
2019.
|
| Subjects: | |
| Online Access: | http://studentsrepo.um.edu.my/13126/ |
| Tags: |
Add Tag
No Tags, Be the first to tag this record!
|
| LEADER | 01549cam a2200373 i 4500 | ||
|---|---|---|---|
| 001 | u1125763 | ||
| 003 | SIRSI | ||
| 005 | 201910311211 | ||
| 008 | 191031s2019 my a m 000 0 eng | ||
| 040 | |a UMM |d AUM |e rda | ||
| 043 | |a r------ | ||
| 090 | |a QH302 |b UMP 2019 Lim | ||
| 100 | 1 | |a Lim, Poh Poh, |e author. | |
| 245 | 1 | 0 | |a Effects of environmental transition on the diversity of arctic soil bacteria / |c Lim Poh Poh @ Judy. |
| 264 | 1 | |c 2019. | |
| 300 | |a xx, 201 leaves : |b illustrations ; |c 30 cm | ||
| 336 | |a text |2 rdacontent | ||
| 337 | |a unmediated |2 rdamedia | ||
| 337 | |a unmediated |2 rdamedia | ||
| 338 | |a volume |2 rdacarrier | ||
| 338 | |a computer disc |2 rdacarrier | ||
| 502 | |b Ph.D. |c Institut Sains Biologi, Fakulti Sains, Universiti Malaya |d 2019. | ||
| 504 | |a Bibliography: leaves 143-176. | ||
| 530 | |a Also issued in CD. | ||
| 650 | 0 | |a Soil microbiology |z Arctic regions. | |
| 650 | 0 | |a Bacteria |x Ecology |z Arctic regions. | |
| 650 | 0 | |a Soil biology |z Arctic regions. | |
| 651 | 0 | |a Arctic regions |x Discovery and exploration. | |
| 710 | 2 | |a Universiti Malaya. |b Institut Sains Biologi, |e degree granting institution. | |
| 856 | 4 | 1 | |u http://studentsrepo.um.edu.my/13126/ |
| 900 | |a MSI NSM | ||
| 596 | |a 1 25 | ||
| 999 | |a QH302 UMP 2019 LIM |w LC |c 1 |i A517276326 |f 25/11/2019 |g 1 |l STACKS |m P01UTAMA |r Y |s Y |t TESIS |u 25/11/2019 |1 STEM |o .PUBLIC. Embargoed until 31.09.2021. Released to stack 18-Nov-2021. |o .STAFF. | ||
| 999 | |a QH302 UMP 2019 LIM |w LC |c 1 |i A517488303 |f 6/12/2021 |g 1 |l STACKS |m P25UMARCHI |r N |s Y |t CD |u 6/12/2021 |1 STEM |o .STAFF. MST-CD514 | ||
